<?xml version="1.0" encoding="UTF-8"?>
<record
    xmlns:xsi="http://www.w3.org/2001/XMLSchema-instance"
    xsi:schemaLocation="http://www.loc.gov/MARC21/slim http://www.loc.gov/standards/marcxml/schema/MARC21slim.xsd"
    xmlns="http://www.loc.gov/MARC21/slim">

  <leader>00953nam a22002417a 4500</leader>
  <datafield tag="010" ind1=" " ind2=" ">
    <subfield code="a">B-065901</subfield>
  </datafield>
  <datafield tag="020" ind1=" " ind2=" ">
    <subfield code="a">8175991461</subfield>
  </datafield>
  <datafield tag="035" ind1=" " ind2=" ">
    <subfield code="a">B-065901</subfield>
  </datafield>
  <datafield tag="037" ind1=" " ind2=" ">
    <subfield code="a">Cen Lib / Ret</subfield>
  </datafield>
  <datafield tag="040" ind1=" " ind2=" ">
    <subfield code="a">DPL</subfield>
    <subfield code="b">PN</subfield>
  </datafield>
  <datafield tag="082" ind1=" " ind2=" ">
    <subfield code="a">954.07</subfield>
    <subfield code="b">&#xA16;&#xA41;&#xA38;&#xA3C;&#xA35;&#xA70;</subfield>
  </datafield>
  <datafield tag="100" ind1=" " ind2=" ">
    <subfield code="a">&#xA16;&#xA41;&#xA38;&#xA3C;&#xA35;&#xA70;&#xA24; &#xA38;&#xA3F;&#xA70;&#xA18; </subfield>
    <subfield code="9">139161</subfield>
  </datafield>
  <datafield tag="245" ind1=" " ind2=" ">
    <subfield code="a">&#xA38;&#xA3F;&#xA71;&#xA16; &#xA39;&#xA3F;&#xA38;&#xA1F;&#xA30;&#xA40; :</subfield>
    <subfield code="b">1469-1988 /</subfield>
    <subfield code="c">&#xA16;&#xA41;&#xA38;&#xA3C;&#xA35;&#xA70;&#xA24; &#xA38;&#xA3F;&#xA70;&#xA18; </subfield>
  </datafield>
  <datafield tag="246" ind1=" " ind2=" ">
    <subfield code="a">Kikh history :1469-1988 /</subfield>
    <subfield code="b">by Khushwant Singh </subfield>
  </datafield>
  <datafield tag="260" ind1=" " ind2=" ">
    <subfield code="a">&#xA28;&#xA35;&#xA40;&#xA02; &#xA26;&#xA3F;&#xA71;&#xA32;&#xA40; </subfield>
    <subfield code="b">&#xA28;&#xA35;&#xA2F;&#xA41;&#xA17; &#xA2A;&#xA2C;&#xA32;&#xA3F;&#xA38;&#xA3C;&#xA30;&#xA1C;&#xA3C; </subfield>
    <subfield code="c">2003</subfield>
  </datafield>
  <datafield tag="270" ind1=" " ind2=" ">
    <subfield code="a">&#xA15;&#xA47;-24, &#xA39;&#xA4C;&#xA1C;&#xA3C; &#xA16;&#xA3C;&#xA3E;&#xA38;</subfield>
    <subfield code="b">&#xA28;&#xA35;&#xA40;&#xA02; &#xA26;&#xA3F;&#xA71;&#xA32;&#xA40; </subfield>
    <subfield code="e">110016</subfield>
  </datafield>
  <datafield tag="300" ind1=" " ind2=" ">
    <subfield code="a">502p ; </subfield>
    <subfield code="b">24cm(Hb)</subfield>
  </datafield>
  <datafield tag="650" ind1=" " ind2=" ">
    <subfield code="a">Sikhs -- History.</subfield>
    <subfield code="9">26621</subfield>
  </datafield>
  <datafield tag="650" ind1=" " ind2=" ">
    <subfield code="a">&#xA38;&#xA3F;&#xA71;&#xA16; - &#xA07;&#xA24;&#xA3F;&#xA39;&#xA3E;&#xA38;.</subfield>
    <subfield code="9">3679</subfield>
  </datafield>
  <datafield tag="650" ind1=" " ind2=" ">
    <subfield code="a">&#xA38;&#xA3F;&#xA71;&#xA16; &#xA27;&#xA30;&#xA2E; - &#xA05;&#xA24;&#xA40;&#xA24;.</subfield>
    <subfield code="9">918</subfield>
  </datafield>
  <datafield tag="650" ind1=" " ind2=" ">
    <subfield code="a">Sikhism -- History.</subfield>
    <subfield code="9">139162</subfield>
  </datafield>
  <datafield tag="942" ind1=" " ind2=" ">
    <subfield code="2">ddc</subfield>
    <subfield code="c">PN</subfield>
    <subfield code="h">954.07</subfield>
    <subfield code="m">&#xA16;&#xA41;&#xA38;&#xA3C;&#xA35;&#xA70;</subfield>
  </datafield>
  <datafield tag="999" ind1=" " ind2=" ">
    <subfield code="c">111133</subfield>
    <subfield code="d">111133</subfield>
  </datafield>
  <datafield tag="952" ind1=" " ind2=" ">
    <subfield code="0">0</subfield>
    <subfield code="1">0</subfield>
    <subfield code="4">0</subfield>
    <subfield code="7">0</subfield>
    <subfield code="a">L</subfield>
    <subfield code="b">L</subfield>
    <subfield code="d">2016-02-13</subfield>
    <subfield code="e">Cen Lib/Ret</subfield>
    <subfield code="l">2</subfield>
    <subfield code="o">954.07 &#xA16;&#xA41;&#xA38;&#xA3C;&#xA35;&#xA70;</subfield>
    <subfield code="p">B-065901</subfield>
    <subfield code="r">2017-09-14 00:00:00</subfield>
    <subfield code="s">2017-09-04</subfield>
    <subfield code="t">1</subfield>
    <subfield code="w">2016-09-15</subfield>
    <subfield code="y">PN</subfield>
  </datafield>
</record>
